Petrus alfonsi and his medieval readers /
Guardado en:
| Autor Principal: | |
|---|---|
| Formato: | Libro |
| Publicado: |
Florida :
University Press of Florida,
1993
|
| Materias: | |
| Etiquetas: |
Agregar Etiqueta
Sin Etiquetas, Sea el primero en etiquetar este registro!
|
| LEADER | 00616nam a22001935a 4500 | ||
|---|---|---|---|
| 001 | EHU.bham044348 | ||
| 003 | AR-BHAM | ||
| 005 | 20161021132043.0 | ||
| 008 | 130507s1993##################000#0#####d | ||
| 020 | |a 0813012384 | ||
| 082 | 8 | 4 | |a 849.12 |
| 100 | 1 | |a Tolan, John | |
| 245 | 1 | 0 | |a Petrus alfonsi and his medieval readers / |c John Tolan |
| 260 | |a Florida : |b University Press of Florida, |c 1993 | ||
| 300 | |a 288 p. | ||
| 600 | 1 | 4 | |a Alfonso, Pedro |
| 653 | |a Literatura medieval-estudios de | ||
| 653 | |a Literatura española medieval cristiana-estudios de | ||
| 859 | |a AR-BHAM |b BIB. HUMANIDADES - General |h 849.12 |i T61 |p 411.16 |t Ej.1 | ||
